[Event "Manavgat Turkey Cup"]
[Site "Manavgat"]
[Date "2016.02.05"]
[Round "10"]
[White "Yilmaz, Muhammed"]
[Black "Aslanhan, Halis"]
[Result "0-1"]
[WhiteElo "1399"]
[BlackElo "1741"]
[PlyCount "75"]
[EventDate "2016.01.30"]
[EventType "swiss"]
[EventRounds "11"]
[EventCountry "TUR"]
[SourceTitle "CBM 170 Extra"]
[Source "ChessBase"]
[SourceDate "2016.02.25"]
[SourceVersion "1"]
[SourceVersionDate "2016.02.25"]
[SourceQuality "1"]

1. c4 Nf6 2. d4 e6 3. Nc3 b6 4. e4 d5 5. cxd5 exd5 6. e5 Ne4 7. Qc2 Nxc3 8. bxc3 Bb7 9. Nf3 Be7 10. Bd3 Qd7 11. Bf5 Qc6 12. e6 f6 13. 0-0 g6 14. Bg4 Na6 15. a4 0-0-0 16. Re1 h5 17. Bh3 Rdg8 18. Ba3 Bxa3 19. Rxa3 g5 20. e7+ g4 21. Qf5+ Kb8 22. Re6 Qe8 23. Ra1 Bc8 24. a5 gxh3 25. axb6 Rxg2+ 26. Kh1 axb6 27. Qxh3 Rg4 28. Qf1 Ka7 29. Re2 Qb5 30. Rb1 Qd3 31. Nd2 Bd7 32. f3 Rg7 33. Qe1 Re8 34. Re3 Qg6 35. Qf1 Rgxe7 36. Ra1 Bc8 37. Rd3 Re2 38. c4 0-1

[Event "Manavgat Turkey Cup"]
[Site "Manavgat"]
[Date "2016.02.02"]
[Round "5"]
[White "Arslan, Muhammed Emin"]
[Black "Yilmaz, Muhammed"]
[Result "0-1"]
[WhiteElo "1439"]
[BlackElo "1399"]
[PlyCount "56"]
[EventDate "2016.01.30"]
[EventType "swiss"]
[EventRounds "11"]
[EventCountry "TUR"]
[SourceTitle "CBM 170 Extra"]
[Source "ChessBase"]
[SourceDate "2016.02.25"]
[SourceVersion "1"]
[SourceVersionDate "2016.02.25"]
[SourceQuality "1"]

1. c4 f5 2. Nc3 g6 3. g3 Nf6 4. Bg2 Bg7 5. e3 0-0 6. Nge2 c6 7. 0-0 d6 8. Qb3 Kh8 9. d4 Na6 10. Bd2 e5 11. Rfd1 e4 12. Nf4 b6 13. Qa4 Qe8 14. b4 Nc7 15. Bc1 Bd7 16. Ba3 Qf7 17. Bf1 Ng4 18. h3 Nf6 19. Rac1 Rg8 20. Kh2 g5 21. Ng2 Qh5 22. Ne1 f4 23. Nc2 f3 24. b5 Bxh3 25. Bxh3 Ng4+ 26. Kg1 Qxh3 27. Ne1 Qh2+ 28. Kf1 Qxf2# 0-1

[Event "Manavgat Turkey Cup"]
[Site "Manavgat"]
[Date "2016.01.31"]
[Round "3"]
[White "Polat, Omer"]
[Black "Yilmaz, Muhammed"]
[Result "0-1"]
[WhiteElo "1394"]
[BlackElo "1399"]
[PlyCount "84"]
[EventDate "2016.01.30"]
[EventType "swiss"]
[EventRounds "11"]
[EventCountry "TUR"]
[SourceTitle "CBM 170 Extra"]
[Source "ChessBase"]
[SourceDate "2016.02.25"]
[SourceVersion "1"]
[SourceVersionDate "2016.02.25"]
[SourceQuality "1"]

1. e4 d5 2. exd5 Nf6 3. Nc3 Nxd5 4. Nxd5 Qxd5 5. Nf3 Nc6 6. d4 Bg4 7. Be2 e6 8. c3 Bd6 9. a3 0-0 10. 0-0 Qh5 11. g3 f5 12. h4 f4 13. Kg2 Rf6 14. Ng1 Bxe2 15. Qxe2 Qxe2 16. Nxe2 f3+ 17. Kg1 fxe2 18. Re1 Raf8 19. Rxe2 e5 20. d5 Ne7 21. Bg5 R6f7 22. Bxe7 Bxe7 23. Rxe5 Bc5 24. b4 Bxf2+ 25. Kg2 Rf3 26. Rg5 Rxc3 27. Rf1 Rc2 28. Kh3 Rc3 29. a4 Rff3 30. a5 a6 31. Kg2 h6 32. Re5 Rfe3 33. Rxe3 Bxe3 34. Rd1 Kf7 35. Kh3 Bf2 36. Rf1 Rxg3+ 37. Kh2 Rf3 38. Kg2 Rf6 39. Rxf2 Rxf2+ 40. Kxf2 Kf6 41. Ke3 Ke5 42. Kf3 Kxd5 0-1

[Event "Manavgat Turkey Cup"]
[Site "Manavgat"]
[Date "2015.02.05"]
[Round "8"]
[White "Yilmaz, Muhammed"]
[Black "Bulgurlu, Hakan"]
[Result "0-1"]
[WhiteElo "1466"]
[BlackElo "1684"]
[PlyCount "78"]
[EventDate "2015.01.31"]
[EventType "swiss"]
[EventRounds "11"]
[EventCountry "TUR"]
[SourceTitle "CBM 164 Extra"]
[Source "ChessBase"]
[SourceDate "2015.03.02"]
[SourceVersion "1"]
[SourceVersionDate "2015.03.02"]
[SourceQuality "1"]

1. c4 f5 2. d4 g6 3. Nc3 Bg7 4. Bf4 d6 5. Nf3 Na6 6. e3 c5 7. a3 Nf6 8. Be2 0-0 9. 0-0 Re8 10. Qc2 Ng4 11. Rad1 Bd7 12. Nb5 Qb6 13. Ra1 Rac8 14. d5 Bxb5 15. cxb5 Nc7 16. Nd2 Nxb5 17. Bxb5 Qxb5 18. Nc4 Qd7 19. a4 Nf6 20. f3 b5 21. axb5 Rb8 22. e4 fxe4 23. fxe4 Nh5 24. Bd2 Qxb5 25. Rfb1 Qb3 26. Qxb3 Rxb3 27. e5 dxe5 28. Nxe5 Nf6 29. Nc6 Nxd5 30. Nxa7 c4 31. Nc6 Rxb2 32. Rd1 c3 33. Bg5 Rb5 34. Nd4 Bxd4+ 35. Rxd4 c2 36. Bh6 Kf7 37. Re4 Nb4 38. Bd2 Nd3 39. Rf1+ Rf5 0-1

[Event "Manavgat Turkey Cup"]
[Site "Manavgat"]
[Date "2015.02.02"]
[Round "4"]
[White "Yilmaz, Muhammed"]
[Black "Akyuz, Murat"]
[Result "0-1"]
[WhiteElo "1466"]
[BlackElo "1902"]
[PlyCount "110"]
[EventDate "2015.01.31"]
[EventType "swiss"]
[EventRounds "11"]
[EventCountry "TUR"]
[SourceTitle "CBM 164 Extra"]
[Source "ChessBase"]
[SourceDate "2015.03.02"]
[SourceVersion "1"]
[SourceVersionDate "2015.03.02"]
[SourceQuality "1"]

1. c4 Nf6 2. d4 e6 3. Nc3 Bb4 4. Bg5 h6 5. Bh4 g5 6. Bg3 Ne4 7. Qc2 f5 8. h4 Nxg3 9. fxg3 d5 10. e3 Nc6 11. Nf3 g4 12. Nd2 Bxc3 13. bxc3 Qd6 14. 0-0-0 Qxg3 15. Bd3 Qxg2 16. Rdg1 Qf2 17. cxd5 g3 18. Qd1 Qxe3 19. Qh5+ Kd8 20. Kc2 Ne7 21. Re1 g2 22. Rhg1 Qf2 23. dxe6 Bxe6 24. Rxe6 Qxg1 25. Rxe7 Kxe7 26. Qe2+ Kd8 27. Bxf5 Qc1+ 28. Kxc1 g1Q+ 29. Kc2 Qg8 30. Kb2 Qd5 31. Bg4 Rf8 32. Nb3 b6 33. Nd2 c5 34. Nf3 Re8 35. Qf1 Kc7 36. Ne5 Rad8 37. Qa6 Kb8 38. Bf3 Rxe5 39. Bxd5 Rexd5 40. dxc5 Rxc5 41. Qe2 Rdc8 42. Qe3 R8c6 43. Qe8+ Kb7 44. Qe7+ Ka6 45. Qe2+ Ka5 46. Qe7 a6 47. c4 Rxc4 48. Qe1+ Kb5 49. Qe5+ R6c5 50. Qe8+ Ka5 51. Qe1+ Ka4 52. Qd1+ Rc2+ 53. Kb1 b5 54. h5 Ka3 55. Qd3+ R5c3 0-1